[Event "Deutsche Ländermeisterschaft 2023"]
[Site "Hannover GER"]
[Date "2023.10.05"]
[Round "7"]
[White "Keymer, Cecilia"]
[Black "Färber, Anna"]
[Result "1/2-1/2"]
[Termination "normal"]
[Board "5.6"]
[WhiteElo "1779"]
[BlackElo "1309"]
[WhiteClock "00:23:06"]
[BlackClock "00:18:51"]
[WhiteTeam "Rheinland-Pfalz"]
[BlackTeam "Saarland & Friends"]
[PlyCount "88"]
[WhiteFideId "16233468"]
[BlackFideId "34633480"]
[EventCountry "GER"]
[EventRounds "7"]
[EventType "team-swiss"]
[EventDate "2023.09.30"]

1. d4 {[%clk 01:30:57]} {[%emt 00:00:02]} Nf6 {[%clk 01:30:54]} {[%emt
00:00:06]} 2. c4 {[%clk 01:31:21]} {[%emt 00:00:06]} g6 {[%clk 01:31:21]}
{[%emt 00:00:04]} 3. g3 {[%clk 01:31:36]} {[%emt 00:00:15]} Bg7 {[%clk
01:31:45]} {[%emt 00:00:05]} 4. Bg2 {[%clk 01:31:52]} {[%emt 00:00:15]} O-O
{[%clk 01:32:08]} {[%emt 00:00:07]} 5. Nc3 {[%clk 01:32:00]} {[%emt 00:00:22]}
d6 {[%clk 01:32:33]} {[%emt 00:00:05]} 6. Nf3 {[%clk 01:32:10]} {[%emt
00:00:20]} Nbd7 {[%clk 01:32:45]} {[%emt 00:00:18]} 7. Bf4 {[%clk 01:31:31]}
{[%emt 00:01:08]} e5 {[%clk 01:33:09]} {[%emt 00:00:05]} 8. dxe5 {[%clk
01:29:42]} {[%emt 00:02:20]} dxe5 {[%clk 01:33:34]} {[%emt 00:00:05]} 9. Nxe5
{[%clk 01:26:28]} {[%emt 00:03:44]} Nh5 {[%clk 01:33:56]} {[%emt 00:00:08]} 10.
Nd3 {[%clk 01:22:48]} {[%emt 00:04:10]} Nxf4 {[%clk 01:34:22]} {[%emt
00:00:04]} 11. Nxf4 {[%clk 01:18:12]} {[%emt 00:05:05]} c6 {[%clk 01:34:24]}
{[%emt 00:00:28]} 12. Qc2 {[%clk 01:14:02]} {[%emt 00:04:40]} Nc5 {[%clk
01:30:59]} {[%emt 00:03:54]} 13. O-O {[%clk 01:10:26]} {[%emt 00:04:06]} Qd4
{[%clk 01:30:11]} {[%emt 00:01:18]} 14. Rfd1 {[%clk 00:58:25]} {[%emt
00:12:33]} Qxc4 {[%clk 01:26:29]} {[%emt 00:04:12]} 15. Bf1 {[%clk 00:56:20]}
{[%emt 00:02:34]} Qb4 {[%clk 01:20:25]} {[%emt 00:06:32]} 16. a3 {[%clk
00:52:41]} {[%emt 00:04:12]} Qb3 {[%clk 01:15:19]} {[%emt 00:05:36]} 17. Qxb3
{[%clk 00:50:46]} {[%emt 00:02:25]} Nxb3 {[%clk 01:15:41]} {[%emt 00:00:08]}
18. Rab1 {[%clk 00:49:51]} {[%emt 00:01:25]} g5 {[%clk 01:12:18]} {[%emt
00:03:53]} 19. Nd3 {[%clk 00:47:34]} {[%emt 00:02:46]} Bf5 {[%clk 01:02:25]}
{[%emt 00:10:23]} 20. e4 {[%clk 00:43:18]} {[%emt 00:04:46]} Bg4 {[%clk
01:02:04]} {[%emt 00:00:51]} 21. Be2 {[%clk 00:41:17]} {[%emt 00:02:32]} Bxe2
{[%clk 01:00:45]} {[%emt 00:01:48]} 22. Nxe2 {[%clk 00:41:39]} {[%emt
00:00:08]} Rfe8 {[%clk 00:58:45]} {[%emt 00:02:29]} 23. Nc3 {[%clk 00:38:33]}
{[%emt 00:03:37]} Rad8 {[%clk 00:56:22]} {[%emt 00:02:52]} 24. f3 {[%clk
00:36:20]} {[%emt 00:02:44]} h6 {[%clk 00:52:47]} {[%emt 00:04:05]} 25. Kg2
{[%clk 00:34:30]} {[%emt 00:02:20]} Rd6 {[%clk 00:51:36]} {[%emt 00:01:40]} 26.
Nf2 {[%clk 00:28:36]} {[%emt 00:06:26]} Red8 {[%clk 00:50:26]} {[%emt
00:01:40]} 27. Rxd6 {[%clk 00:26:53]} {[%emt 00:02:13]} Rxd6 {[%clk 00:50:46]}
{[%emt 00:00:10]} 28. Rd1 {[%clk 00:19:51]} {[%emt 00:07:31]} Rxd1 {[%clk
00:45:14]} {[%emt 00:06:02]} 29. Nfxd1 {[%clk 00:18:55]} {[%emt 00:01:27]} Kf8
{[%clk 00:35:20]} {[%emt 00:10:24]} 30. Kf2 {[%clk 00:17:30]} {[%emt 00:01:55]}
Ke7 {[%clk 00:34:01]} {[%emt 00:01:50]} 31. Ke3 {[%clk 00:16:18]} {[%emt
00:01:41]} Kd6 {[%clk 00:32:36]} {[%emt 00:01:56]} 32. Kd3 {[%clk 00:15:20]}
{[%emt 00:01:28]} Ke5 {[%clk 00:30:41]} {[%emt 00:02:26]} 33. Ne2 {[%clk
00:10:33]} {[%emt 00:05:16]} Ke6 {[%clk 00:21:45]} {[%emt 00:09:26]} 34. Ndc3
{[%clk 00:06:56]} {[%emt 00:04:07]} f5 {[%clk 00:16:27]} {[%emt 00:05:48]} 35.
exf5+ {[%clk 00:04:17]} {[%emt 00:03:09]} Kxf5 {[%clk 00:16:41]} {[%emt
00:00:15]} 36. Ke3 {[%clk 00:03:03]} {[%emt 00:01:44]} c5 {[%clk 00:12:00]}
{[%emt 00:05:11]} 37. Kd3 {[%clk 00:02:34]} {[%emt 00:00:59]} Nd4 {[%clk
00:10:05]} {[%emt 00:02:25]} 38. Ng1 {[%clk 00:01:49]} {[%emt 00:01:14]} b5
{[%clk 00:09:19]} {[%emt 00:01:17]} 39. Nd5 {[%clk 00:01:20]} {[%emt 00:00:59]}
Nb3 {[%clk 00:05:06]} {[%emt 00:04:43]} 40. Kc2 {[%clk 00:00:57]} {[%emt
00:00:53]} Nd4+ {[%clk 00:04:20]} {[%emt 00:01:16]} 41. Kd3 {[%clk 00:27:56]}
{[%emt 00:03:31]} c4+ {[%clk 00:23:29]} {[%emt 00:11:21]} 42. Kd2 {[%clk
00:24:38]} {[%emt 00:03:48]} Nb3+ {[%clk 00:22:53]} {[%emt 00:01:06]} 43. Kc2
{[%clk 00:24:01]} {[%emt 00:01:07]} Nd4+ {[%clk 00:23:22]} {[%emt 00:00:01]}
44. Kd2 {[%clk 00:23:06]} {[%emt 00:01:25]} Nb3+ {[%clk 00:18:51]} {[%emt
00:05:00]} 1/2-1/2

[Event "Deutsche Ländermeisterschaft 2023"]
[Site "Hannover GER"]
[Date "2023.10.05"]
[Round "7"]
[White "Frydel, Helena"]
[Black "Vranckx, Oscar"]
[Result "0-1"]
[Termination "normal"]
[Board "5.7"]
[WhiteElo "1159"]
[BlackElo "1663"]
[WhiteClock "00:26:34"]
[BlackClock "01:27:33"]
[WhiteTeam "Saarland & Friends"]
[BlackTeam "Rheinland-Pfalz"]
[PlyCount "100"]
[WhiteFideId "16266536"]
[BlackFideId "34608788"]
[EventCountry "GER"]
[EventRounds "7"]
[EventType "team-swiss"]
[EventDate "2023.09.30"]

1. d4 {[%clk 01:30:55]} {[%emt 00:00:04]} Nf6 {[%clk 01:30:56]} {[%emt
00:00:04]} 2. c4 {[%clk 01:31:18]} {[%emt 00:00:07]} c5 {[%clk 01:31:23]}
{[%emt 00:00:04]} 3. d5 {[%clk 01:31:42]} {[%emt 00:00:07]} b5 {[%clk
01:31:48]} {[%emt 00:00:04]} 4. Nc3 {[%clk 01:30:24]} {[%emt 00:01:48]} b4
{[%clk 01:32:12]} {[%emt 00:00:07]} 5. Nb1 {[%clk 01:28:11]} {[%emt 00:02:43]}
d6 {[%clk 01:32:29]} {[%emt 00:00:12]} 6. Nf3 {[%clk 01:22:56]} {[%emt
00:05:45]} g6 {[%clk 01:32:51]} {[%emt 00:00:09]} 7. Bg5 {[%clk 01:22:14]}
{[%emt 00:01:10]} Bg7 {[%clk 01:33:17]} {[%emt 00:00:05]} 8. e3 {[%clk
01:19:59]} {[%emt 00:02:39]} Ne4 {[%clk 01:33:10]} {[%emt 00:00:43]} 9. Qc2
{[%clk 01:18:32]} {[%emt 00:01:58]} Nxg5 {[%clk 01:32:33]} {[%emt 00:01:07]}
10. Nxg5 {[%clk 01:18:53]} {[%emt 00:00:08]} O-O {[%clk 01:32:56]} {[%emt
00:00:06]} 11. Be2 {[%clk 01:17:51]} {[%emt 00:01:33]} h6 {[%clk 01:33:04]}
{[%emt 00:00:22]} 12. Nf3 {[%clk 01:17:35]} {[%emt 00:00:45]} Nd7 {[%clk
01:33:03]} {[%emt 00:00:31]} 13. O-O {[%clk 01:17:26]} {[%emt 00:00:40]} Nf6
{[%clk 01:32:24]} {[%emt 00:01:09]} 14. Nbd2 {[%clk 01:16:38]} {[%emt
00:01:18]} g5 {[%clk 01:32:23]} {[%emt 00:00:30]} 15. h3 {[%clk 01:15:51]}
{[%emt 00:01:18]} Ba6 {[%clk 01:31:53]} {[%emt 00:00:59]} 16. e4 {[%clk
01:09:04]} {[%emt 00:07:17]} Qd7 {[%clk 01:30:37]} {[%emt 00:01:45]} 17. b3
{[%clk 01:01:01]} {[%emt 00:08:33]} Nh5 {[%clk 01:30:55]} {[%emt 00:00:13]} 18.
Rae1 {[%clk 00:50:33]} {[%emt 00:10:57]} Nf4 {[%clk 01:31:19]} {[%emt
00:00:07]} 19. Nh2 {[%clk 00:42:11]} {[%emt 00:08:53]} e6 {[%clk 01:30:54]}
{[%emt 00:00:55]} 20. Nhf3 {[%clk 00:38:46]} {[%emt 00:03:55]} Rae8 {[%clk
01:31:00]} {[%emt 00:00:23]} 21. Bd3 {[%clk 00:35:56]} {[%emt 00:03:18]} Bc8
{[%clk 01:27:20]} {[%emt 00:04:12]} 22. Be2 {[%clk 00:34:31]} {[%emt 00:01:57]}
exd5 {[%clk 01:26:56]} {[%emt 00:00:53]} 23. cxd5 {[%clk 00:34:49]} {[%emt
00:00:11]} Nxg2 {[%clk 01:27:01]} {[%emt 00:00:25]} 24. Kxg2 {[%clk 00:34:48]}
{[%emt 00:00:31]} Qxh3+ {[%clk 01:27:27]} {[%emt 00:00:04]} 25. Kg1 {[%clk
00:35:00]} {[%emt 00:00:18]} g4 {[%clk 01:27:51]} {[%emt 00:00:06]} 26. Qd3
{[%clk 00:32:22]} {[%emt 00:03:08]} gxf3 {[%clk 01:27:33]} {[%emt 00:00:48]}
27. Qxf3 {[%clk 00:32:22]} {[%emt 00:00:30]} Re5 {[%clk 01:27:35]} {[%emt
00:00:28]} 28. Qxh3 {[%clk 00:30:28]} {[%emt 00:02:25]} Bxh3 {[%clk 01:27:45]}
{[%emt 00:00:20]} 29. f4 {[%clk 00:30:13]} {[%emt 00:00:44]} Bxf1 {[%clk
01:26:12]} {[%emt 00:02:03]} 30. fxe5 {[%clk 00:30:23]} {[%emt 00:00:20]} Bxe2
{[%clk 01:26:35]} {[%emt 00:00:06]} 31. Rxe2 {[%clk 00:30:36]} {[%emt
00:00:17]} Bxe5 {[%clk 01:27:00]} {[%emt 00:00:05]} 32. Rg2+ {[%clk 00:29:38]}
{[%emt 00:01:29]} Kh7 {[%clk 01:27:22]} {[%emt 00:00:08]} 33. Nf3 {[%clk
00:29:30]} {[%emt 00:00:38]} f6 {[%clk 01:27:10]} {[%emt 00:00:42]} 34. Nh4
{[%clk 00:28:54]} {[%emt 00:01:06]} Rg8 {[%clk 01:26:57]} {[%emt 00:00:43]} 35.
Rxg8 {[%clk 00:28:33]} {[%emt 00:00:52]} Kxg8 {[%clk 01:27:22]} {[%emt
00:00:04]} 36. Kf2 {[%clk 00:28:44]} {[%emt 00:00:16]} Kf7 {[%clk 01:27:32]}
{[%emt 00:00:22]} 37. Ke3 {[%clk 00:28:17]} {[%emt 00:00:56]} h5 {[%clk
01:27:32]} {[%emt 00:00:32]} 38. Kd3 {[%clk 00:28:23]} {[%emt 00:00:22]} Bg3
{[%clk 01:27:53]} {[%emt 00:00:10]} 39. Nf5 {[%clk 00:28:33]} {[%emt 00:00:20]}
h4 {[%clk 01:28:00]} {[%emt 00:00:23]} 40. Kc4 {[%clk 00:28:21]} {[%emt
00:00:42]} Ke8 {[%clk 01:27:48]} {[%emt 00:00:41]} 41. Kb5 {[%clk 00:28:15]}
{[%emt 00:00:37]} Kd7 {[%clk 01:28:07]} {[%emt 00:00:10]} 42. Ka6 {[%clk
00:28:19]} {[%emt 00:00:26]} Bf2 {[%clk 01:28:33]} {[%emt 00:00:04]} 43. Kb7
{[%clk 00:28:00]} {[%emt 00:00:47]} h3 {[%clk 01:27:36]} {[%emt 00:01:29]} 44.
Nh6 {[%clk 00:27:39]} {[%emt 00:00:50]} h2 {[%clk 01:27:47]} {[%emt 00:00:20]}
45. Ng4 {[%clk 00:27:46]} {[%emt 00:00:22]} h1=Q {[%clk 01:28:11]} {[%emt
00:00:06]} 46. Nxf2 {[%clk 00:28:02]} {[%emt 00:00:14]} Qf3 {[%clk 01:28:36]}
{[%emt 00:00:05]} 47. Kxa7 {[%clk 00:27:37]} {[%emt 00:00:57]} Qxf2 {[%clk
01:28:55]} {[%emt 00:00:11]} 48. Ka6 {[%clk 00:27:30]} {[%emt 00:00:35]} Qxa2+
{[%clk 01:28:19]} {[%emt 00:01:06]} 49. Kb5 {[%clk 00:26:46]} {[%emt 00:01:15]}
Kc7 {[%clk 01:27:33]} {[%emt 00:01:17]} 50. Kc4 {[%clk 00:26:34]} {[%emt
00:00:42]} Qe2# {[%emt 00:00:05]} 0-1

[Event "Deutsche Ländermeisterschaft 2023"]
[Site "Hannover GER"]
[Date "2023.10.05"]
[Round "7"]
[White "Pikalow, Michael"]
[Black "Nemitz, Alfred"]
[Result "1-0"]
[Termination "normal"]
[Board "6.2"]
[BlackTitle "FM"]
[WhiteElo "2035"]
[BlackElo "2300"]
[WhiteClock "00:45:00"]
[BlackClock "00:20:07"]
[WhiteTeam "Sachsen-Anhalt"]
[BlackTeam "Brandenburg"]
[PlyCount "97"]
[WhiteFideId "16227638"]
[BlackFideId "34601791"]
[EventCountry "GER"]
[EventRounds "7"]
[EventType "team-swiss"]
[EventDate "2023.09.30"]

1. e4 {[%clk 01:30:53]} {[%emt 00:00:06]} e5 {[%clk 01:30:54]} {[%emt
00:00:07]} 2. Nf3 {[%clk 01:30:49]} {[%emt 00:00:33]} Nc6 {[%clk 01:31:22]}
{[%emt 00:00:02]} 3. d4 {[%clk 01:31:18]} {[%emt 00:00:02]} exd4 {[%clk
01:31:43]} {[%emt 00:00:08]} 4. Nxd4 {[%clk 01:31:14]} {[%emt 00:00:34]} Nf6
{[%clk 01:32:07]} {[%emt 00:00:05]} 5. Nxc6 {[%clk 01:31:40]} {[%emt 00:00:05]}
bxc6 {[%clk 01:32:35]} {[%emt 00:00:02]} 6. e5 {[%clk 01:31:32]} {[%emt
00:00:38]} Qe7 {[%clk 01:33:00]} {[%emt 00:00:04]} 7. Qe2 {[%clk 01:32:00]}
{[%emt 00:00:03]} Nd5 {[%clk 01:33:25]} {[%emt 00:00:04]} 8. c4 {[%clk
01:32:28]} {[%emt 00:00:02]} Ba6 {[%clk 01:33:49]} {[%emt 00:00:06]} 9. Nd2
{[%clk 01:31:27]} {[%emt 00:01:31]} g6 {[%clk 01:32:03]} {[%emt 00:02:15]} 10.
Ne4 {[%clk 01:31:31]} {[%emt 00:00:26]} Bg7 {[%clk 01:17:21]} {[%emt 00:15:11]}
11. Bg5 {[%clk 01:31:55]} {[%emt 00:00:08]} Qb4+ {[%clk 01:09:04]} {[%emt
00:08:48]} 12. Qd2 {[%clk 01:32:23]} {[%emt 00:00:02]} O-O {[%clk 01:03:24]}
{[%emt 00:06:09]} 13. O-O-O {[%clk 01:19:53]} {[%emt 00:13:01]} Qxd2+ {[%clk
00:59:18]} {[%emt 00:04:36]} 14. Rxd2 {[%clk 01:20:08]} {[%emt 00:00:15]} Nb6
{[%clk 00:59:23]} {[%emt 00:00:25]} 15. Nf6+ {[%clk 01:18:10]} {[%emt
00:02:29]} Kh8 {[%clk 00:49:42]} {[%emt 00:10:10]} 16. b3 {[%clk 01:12:09]}
{[%emt 00:06:31]} d6 {[%clk 00:39:27]} {[%emt 00:10:44]} 17. f4 {[%clk
00:57:43]} {[%emt 00:14:57]} h6 {[%clk 00:32:40]} {[%emt 00:07:17]} 18. Bh4
{[%clk 00:48:26]} {[%emt 00:09:47]} dxe5 {[%clk 00:22:59]} {[%emt 00:10:10]}
19. c5 {[%clk 00:47:19]} {[%emt 00:01:38]} Bxf1 {[%clk 00:22:02]} {[%emt
00:01:27]} 20. Rxf1 {[%clk 00:46:36]} {[%emt 00:01:13]} Nd5 {[%clk 00:20:59]}
{[%emt 00:01:32]} 21. Nxd5 {[%clk 00:36:24]} {[%emt 00:10:43]} cxd5 {[%clk
00:21:25]} {[%emt 00:00:03]} 22. fxe5 {[%clk 00:36:41]} {[%emt 00:00:13]} g5
{[%clk 00:15:57]} {[%emt 00:05:58]} 23. Bg3 {[%clk 00:33:40]} {[%emt 00:03:31]}
c6 {[%clk 00:16:25]} {[%emt 00:00:02]} 24. h4 {[%clk 00:32:44]} {[%emt
00:01:26]} Kh7 {[%clk 00:15:59]} {[%emt 00:00:56]} 25. Rdf2 {[%clk 00:31:49]}
{[%emt 00:01:26]} Kg6 {[%clk 00:13:37]} {[%emt 00:02:50]} 26. h5+ {[%clk
00:29:44]} {[%emt 00:02:36]} Kxh5 {[%clk 00:13:46]} {[%emt 00:00:21]} 27. Rxf7
{[%clk 00:30:11]} {[%emt 00:00:04]} Kg6 {[%clk 00:14:14]} {[%emt 00:00:01]} 28.
e6 {[%clk 00:30:16]} {[%emt 00:00:25]} Rxf7 {[%emt 00:00:25]} 29. exf7 {[%clk
00:29:07]} {[%emt 00:01:37]} Rf8 {[%clk 00:14:02]} {[%emt 00:00:50]} 30. Re1
{[%clk 00:23:56]} {[%emt 00:05:40]} Kxf7 {[%clk 00:13:57]} {[%emt 00:00:34]}
31. Be5 {[%clk 00:21:29]} {[%emt 00:02:58]} Bxe5 {[%clk 00:13:33]} {[%emt
00:00:54]} 32. Rxe5 {[%clk 00:21:54]} {[%emt 00:00:04]} Re8 {[%clk 00:14:02]}
{[%emt 00:00:02]} 33. Rf5+ {[%clk 00:22:18]} {[%emt 00:00:07]} Kg6 {[%clk
00:14:29]} {[%emt 00:00:02]} 34. Rf2 {[%clk 00:22:43]} {[%emt 00:00:04]} h5
{[%clk 00:14:51]} {[%emt 00:00:08]} 35. Kd2 {[%clk 00:22:15]} {[%emt 00:00:58]}
h4 {[%clk 00:15:05]} {[%emt 00:00:17]} 36. b4 {[%clk 00:22:17]} {[%emt
00:00:28]} a6 {[%clk 00:13:54]} {[%emt 00:01:41]} 37. a4 {[%clk 00:22:36]}
{[%emt 00:00:12]} Re4 {[%clk 00:09:07]} {[%emt 00:05:17]} 38. Kc3 {[%clk
00:21:12]} {[%emt 00:01:53]} a5 {[%clk 00:04:28]} {[%emt 00:05:09]} 39. b5
{[%clk 00:18:49]} {[%emt 00:02:53]} Rc4+ {[%clk 00:04:36]} {[%emt 00:00:22]}
40. Kd3 {[%clk 00:18:12]} {[%emt 00:01:07]} cxb5 {[%clk 00:03:39]} {[%emt
00:01:28]} 41. axb5 {[%clk 00:18:16]} {[%emt 00:00:26]} Rxc5 {[%clk 00:03:56]}
{[%emt 00:00:12]} 42. Rb2 {[%clk 00:18:41]} {[%emt 00:00:04]} a4 {[%clk
00:02:46]} {[%emt 00:01:41]} 43. b6 {[%clk 00:17:59]} {[%emt 00:01:12]} a3
{[%clk 00:03:03]} {[%emt 00:00:14]} 44. b7 {[%clk 00:17:38]} {[%emt 00:00:51]}
a2 {[%clk 00:27:25]} {[%emt 00:06:08]} 45. b8=Q {[%clk 00:47:10]} {[%emt
00:00:58]} a1=Q {[%clk 00:27:48]} {[%emt 00:00:06]} 46. Qe8+ {[%clk 00:45:59]}
{[%emt 00:01:41]} Kf6 {[%clk 00:19:49]} {[%emt 00:08:28]} 47. Rb6+ {[%clk
00:44:35]} {[%emt 00:01:54]} Kf5 {[%clk 00:19:51]} {[%emt 00:00:26]} 48. Qf7+
{[%clk 00:45:00]} {[%emt 00:00:07]} Kg4 {[%clk 00:20:07]} {[%emt 00:00:14]} 49.
Qf3+ {[%emt 00:00:05]} 1-0

[Event "Deutsche Ländermeisterschaft 2023"]
[Site "Hannover GER"]
[Date "2023.10.05"]
[Round "7"]
[White "Beyer, Lorenz"]
[Black "Herter, Arne"]
[Result "1-0"]
[Termination "normal"]
[Board "6.3"]
[WhiteElo "2085"]
[BlackElo "2039"]
[WhiteClock "00:13:51"]
[BlackClock "00:05:39"]
[WhiteTeam "Brandenburg"]
[BlackTeam "Sachsen-Anhalt"]
[PlyCount "63"]
[WhiteFideId "16245393"]
[BlackFideId "16255372"]
[EventCountry "GER"]
[EventRounds "7"]
[EventType "team-swiss"]
[EventDate "2023.09.30"]

1. d4 {[%clk 01:25:44]} {[%emt 00:01:16]} Nf6 {[%clk 01:30:54]} {[%emt
00:00:06]} 2. Bf4 {[%clk 01:25:35]} {[%emt 00:00:38]} e6 {[%clk 01:31:17]}
{[%emt 00:00:06]} 3. e3 {[%clk 01:25:19]} {[%emt 00:00:47]} c5 {[%clk
01:31:32]} {[%emt 00:00:16]} 4. c3 {[%clk 01:25:42]} {[%emt 00:00:06]} d5
{[%clk 01:31:56]} {[%emt 00:00:06]} 5. Nf3 {[%clk 01:25:30]} {[%emt 00:00:42]}
Bd6 {[%clk 01:32:19]} {[%emt 00:00:06]} 6. Bg3 {[%clk 01:25:08]} {[%emt
00:00:53]} O-O {[%clk 01:32:38]} {[%emt 00:00:11]} 7. Bd3 {[%clk 01:25:20]}
{[%emt 00:00:18]} Qc7 {[%clk 01:32:45]} {[%emt 00:00:23]} 8. O-O {[%clk
01:24:59]} {[%emt 00:00:51]} Nbd7 {[%clk 01:32:57]} {[%emt 00:00:18]} 9. Nbd2
{[%clk 01:23:54]} {[%emt 00:01:35]} Bxg3 {[%clk 01:33:13]} {[%emt 00:00:14]}
10. hxg3 {[%clk 01:24:22]} {[%emt 00:00:02]} e5 {[%clk 01:33:34]} {[%emt
00:00:09]} 11. dxe5 {[%clk 01:24:50]} {[%emt 00:00:03]} Nxe5 {[%clk 01:33:57]}
{[%emt 00:00:07]} 12. Nxe5 {[%clk 01:25:18]} {[%emt 00:00:02]} Qxe5 {[%clk
01:34:14]} {[%emt 00:00:12]} 13. Nf3 {[%clk 01:25:17]} {[%emt 00:00:32]} Qh5
{[%clk 01:34:20]} {[%emt 00:00:24]} 14. Nh2 {[%clk 01:22:28]} {[%emt 00:03:18]}
Bg4 {[%clk 01:27:48]} {[%emt 00:07:02]} 15. Qa4 {[%clk 01:22:09]} {[%emt
00:00:49]} Rfe8 {[%clk 01:24:48]} {[%emt 00:03:29]} 16. Bc2 {[%clk 01:21:18]}
{[%emt 00:01:22]} b6 {[%clk 01:15:47]} {[%emt 00:09:31]} 17. Bd1 {[%clk
01:16:32]} {[%emt 00:05:16]} Bxd1 {[%clk 01:06:55]} {[%emt 00:09:22]} 18. Qxd1
{[%clk 01:16:52]} {[%emt 00:00:10]} Qg6 {[%clk 00:57:28]} {[%emt 00:09:57]} 19.
Nf3 {[%clk 01:13:35]} {[%emt 00:03:48]} Rad8 {[%clk 00:54:03]} {[%emt
00:03:54]} 20. Qa4 {[%clk 01:06:13]} {[%emt 00:07:52]} Ne4 {[%clk 00:46:09]}
{[%emt 00:08:24]} 21. Rad1 {[%clk 01:05:29]} {[%emt 00:01:13]} c4 {[%clk
00:36:44]} {[%emt 00:09:56]} 22. Rxd5 {[%clk 01:00:04]} {[%emt 00:05:56]} Rc8
{[%clk 00:28:46]} {[%emt 00:08:27]} 23. Rfd1 {[%clk 00:52:17]} {[%emt
00:08:18]} Nf6 {[%clk 00:23:38]} {[%emt 00:05:38]} 24. R5d4 {[%clk 00:43:53]}
{[%emt 00:08:55]} Qh5 {[%clk 00:16:28]} {[%emt 00:07:39]} 25. Qa6 {[%clk
00:42:49]} {[%emt 00:01:34]} Rb8 {[%clk 00:11:21]} {[%emt 00:05:36]} 26. Qxc4
{[%clk 00:41:17]} {[%emt 00:02:03]} Qf5 {[%clk 00:09:23]} {[%emt 00:02:27]} 27.
g4 {[%clk 00:30:21]} {[%emt 00:11:27]} Qc2 {[%clk 00:08:42]} {[%emt 00:01:11]}
28. Qc7 {[%clk 00:17:15]} {[%emt 00:13:36]} Rbc8 {[%emt 00:02:28]} 29. Qb7
{[%clk 00:13:50]} {[%emt 00:03:55]} Qxb2 {[%clk 00:04:54]} {[%emt 00:02:20]}
30. Qxc8 {[%clk 00:13:01]} {[%emt 00:01:19]} Rxc8 {[%clk 00:05:18]} {[%emt
00:00:05]} 31. Rd8+ {[%clk 00:13:28]} {[%emt 00:00:03]} Ne8 {[%clk 00:05:39]}
{[%emt 00:00:09]} 32. Rxc8 {[%clk 00:13:51]} {[%emt 00:00:07]} 1-0

[Event "Deutsche Ländermeisterschaft 2023"]
[Site "Hannover GER"]
[Date "2023.10.05"]
[Round "7"]
[White "Udelnov, Valentin"]
[Black "Hoffmann, Kay"]
[Result "0-1"]
[Termination "normal"]
[Board "6.4"]
[WhiteElo "2054"]
[BlackElo "2064"]
[WhiteClock "00:01:26"]
[BlackClock "00:33:12"]
[WhiteTeam "Sachsen-Anhalt"]
[BlackTeam "Brandenburg"]
[PlyCount "60"]
[WhiteFideId "16265734"]
[BlackFideId "16227000"]
[EventCountry "GER"]
[EventRounds "7"]
[EventType "team-swiss"]
[EventDate "2023.09.30"]

1. e4 {[%clk 01:30:57]} {[%emt 00:00:02]} e6 {[%clk 01:30:26]} {[%emt
00:00:35]} 2. d4 {[%clk 01:31:22]} {[%emt 00:00:05]} d5 {[%clk 01:30:52]}
{[%emt 00:00:03]} 3. Nd2 {[%clk 01:31:44]} {[%emt 00:00:07]} c5 {[%clk
01:31:20]} {[%emt 00:00:03]} 4. Ngf3 {[%clk 01:32:03]} {[%emt 00:00:11]} cxd4
{[%clk 01:31:44]} {[%emt 00:00:06]} 5. exd5 {[%clk 01:32:12]} {[%emt 00:00:21]}
Qxd5 {[%clk 01:32:08]} {[%emt 00:00:06]} 6. Bc4 {[%clk 01:32:16]} {[%emt
00:00:26]} Qd6 {[%clk 01:32:33]} {[%emt 00:00:06]} 7. O-O {[%clk 01:31:36]}
{[%emt 00:01:09]} Nf6 {[%clk 01:32:58]} {[%emt 00:00:06]} 8. Nb3 {[%clk
01:30:37]} {[%emt 00:01:27]} Nc6 {[%clk 01:33:24]} {[%emt 00:00:05]} 9. Nbxd4
{[%clk 01:28:29]} {[%emt 00:02:38]} Nxd4 {[%clk 01:33:49]} {[%emt 00:00:06]}
10. Nxd4 {[%clk 01:27:51]} {[%emt 00:01:07]} a6 {[%clk 01:34:15]} {[%emt
00:00:04]} 11. Re1 {[%clk 01:24:01]} {[%emt 00:04:20]} Be7 {[%clk 01:29:22]}
{[%emt 00:05:22]} 12. c3 {[%clk 01:18:22]} {[%emt 00:06:10]} O-O {[%clk
01:29:13]} {[%emt 00:00:40]} 13. Qf3 {[%clk 00:57:12]} {[%emt 00:21:39]} Qc7
{[%clk 01:27:01]} {[%emt 00:02:41]} 14. Bb3 {[%clk 00:52:59]} {[%emt 00:04:44]}
Bd6 {[%clk 01:24:00]} {[%emt 00:03:31]} 15. Qh3 {[%clk 00:42:58]} {[%emt
00:10:31]} e5 {[%clk 01:12:51]} {[%emt 00:11:39]} 16. Nf5 {[%clk 00:42:57]}
{[%emt 00:00:31]} e4 {[%clk 01:12:44]} {[%emt 00:00:37]} 17. Kh1 {[%clk
00:29:32]} {[%emt 00:13:55]} Qc5 {[%clk 01:11:43]} {[%emt 00:01:31]} 18. g4
{[%clk 00:25:15]} {[%emt 00:04:47]} Nxg4 {[%clk 01:09:46]} {[%emt 00:02:27]}
19. Qxg4 {[%clk 00:25:41]} {[%emt 00:00:05]} Bxf5 {[%clk 01:10:01]} {[%emt
00:00:14]} 20. Qg2 {[%clk 00:25:21]} {[%emt 00:00:50]} Qe5 {[%clk 01:07:39]}
{[%emt 00:02:52]} 21. Be3 {[%clk 00:12:12]} {[%emt 00:13:39]} Bg6 {[%clk
00:48:02]} {[%emt 00:20:06]} 22. Bd4 {[%clk 00:12:13]} {[%emt 00:00:30]} Qf4
{[%clk 00:46:21]} {[%emt 00:02:10]} 23. Re3 {[%clk 00:10:00]} {[%emt 00:02:44]}
Be5 {[%clk 00:43:05]} {[%emt 00:03:46]} 24. Bd5 {[%clk 00:05:21]} {[%emt
00:05:09]} Bxd4 {[%clk 00:42:35]} {[%emt 00:00:59]} 25. cxd4 {[%clk 00:05:48]}
{[%emt 00:00:04]} Rad8 {[%clk 00:36:08]} {[%emt 00:06:57]} 26. Bxe4 {[%clk
00:05:02]} {[%emt 00:01:17]} Rxd4 {[%clk 00:36:23]} {[%emt 00:00:15]} 27. Bxb7
{[%clk 00:04:15]} {[%emt 00:01:17]} Rd2 {[%clk 00:36:08]} {[%emt 00:00:44]} 28.
Qg3 {[%clk 00:02:03]} {[%emt 00:02:42]} Qf6 {[%clk 00:32:58]} {[%emt 00:03:40]}
29. Rf1 {[%clk 00:01:30]} {[%emt 00:01:03]} Rxb2 {[%clk 00:32:58]} {[%emt
00:00:29]} 30. Ra3 {[%clk 00:01:26]} {[%emt 00:00:35]} Rxb7 {[%clk 00:33:12]}
{[%emt 00:00:15]} 0-1